| 000 | 00865nam a2200241Ia 4500 | ||
|---|---|---|---|
| 999 |
_c65553 _d65553 |
||
| 005 | 20240530110830.0 | ||
| 008 | 140319s9999 xx 000 0 ara d | ||
| 017 |
_a2007/4501 _bمصر. دار الكتب |
||
| 020 | _a9770920061 | ||
| 040 |
_aGCL / _cGCL |
||
| 082 | 0 | 4 |
_221 _a229.7 _bز ت |
| 100 | 0 | _aزغلول راغب محمد النجار | |
| 245 | 1 | 0 |
_aتفسير الايات الكونية فى القران الكريم / _cزغلول راغب محمد النجار |
| 250 | _aط.1 | ||
| 260 |
_aالقاهرة : _bمكتبة الشروق الدولية، _c2007 |
||
| 300 |
_a4 اجزاء ؛ _c24 سم |
||
| 650 | 0 | 4 |
_aالقران _2qrmak _xتفسير |
| 650 | 0 | 4 |
_aالقران _2qrmak _xاعجاز |
| 650 | 0 | 4 |
_aالقران _2qrmak _xسور وايات |
| 651 | _2qrmak | ||
| 942 |
_2ddc _cBK |
||